Geography Test 1 - Statistics

General Stats
  • This quiz has been taken 32 times
  • The average score is 8 of 10
Answer Stats
Question Answer % Correct
Which ocean is the deepest? Pacific Ocean
100%
What is the Captial City of france? Paris
100%
What is the official language of Brazil Portoguese
100%
Which country has the largest land area in the world? Russia
100%
What is the smallest country in the world by land area? Vatican City
100%
What river is the longest in the world? Nile
86%
Which continent is home to the Andes Mountains? South America
86%
Which U.S. state has the nickname "The Sunshine State"? Florida
57%
Which country has the most islands? Sweden
57%
Name the largest Dessert on Earth? Sahara
29%
No matching quizzes found
Score Distribution
Percent of People with Each Score
Percentile by Number Answered
Your Score History
You have not taken this quiz